000 00903nam a22002291i 4500
001 000030273
003 RuMoIPM
005 20260408131150.0
008 110826s1979----ru | c rus
040 _aRuMoIPM
_brus
_ercr
041 0 _arus
080 _a510.6(045)
080 _a510.3(045)
245 1 _aИсследования по неклассическим логикам и теории множеств
_b[Сб. статей]
_cВИНИТИ ; [Отв. ред. А. И. Михайлов]
260 _aМосква
_bНаука
_c1979
300 _a371, [2] с.
_bил., табл.
504 _aБиблиогр. в конце ст.
650 _2psbo
_aМножеств теория
700 1 _aМихайлов, Александр Иванович
_eред.
710 2 _aВсесоюзный институт научной и технической информации
942 _cBK
999 _c30273
_d30273